01044 a2200157 4500003000500000005001700005040000900022082001800031100001700049245004300066250001100109260003200120300000900152505069100161650003400852Nust20221129184332.0 cNust a621.38151,SEE aSamuel Seely aElectron-Tube Circuits /cSamuel Seely a2nd ed alondonbMc Graw- Hillc1958 a695p a Characteristics of Electron Devices (Page-1), Vacuum Triodes and Transistors as Circuits Elements (Page-61), Unturned Potential Principle (Page-112), Feedback in Amplifiers (Page-147), Rectifiers (Page-194), Power Supplies (Page-215), Electronic Computing Circuits (Page-246), Special Electronic Circuits (Page-282), Unturned Potential Amplifiers (Page-313), Unturned Power Amplifiers (Page-338), Oscillators (Page-367), Heavily Biased Relaxation Circuits (Page-452), Saw Tooth Sweep Generators (Page-504), Special Sweep Generators (Page-527), Amplitude Modulation (Page-546), Demodulation (Page-574), Frequency Modulation and Detection (Page-600), Electronic Instruments (Page-640). aTelecommunication Engineering